El discurso político en la Venezuela de Hugo Chávez: de la reforma constitucional a la enmienda (2007-2009) = The political discourse in Venezuela of Hugo Chávez : reform of the amendment to the constitution (2007-2009) /
En el presente trabajo, se aborda desde los enfoques de la teoría política y el análisis del discurso, la construcción del discurso político sobre la reforma constitucional propuesta por el presidente de Venezuela, Hugo Chávez en enero de 2007 y que significó la generación de un debate político sobr...
Na minha lista:
| Autor principal: | |
|---|---|
| Outros Autores: | , , |
| Formato: | Texto |
| Assuntos: | |
| Tags: |
Adicionar Tag
Sem tags, seja o primeiro a adicionar uma tag!
|
MARC
| LEADER | 00000 a a2200000 04500 | ||
|---|---|---|---|
| 001 | 41171 | ||
| 003 | |||
| 040 | |||
| 100 | |a Romero J., Juan Eduardo | ||
| 245 | |a El discurso político en la Venezuela de Hugo Chávez: |b de la reforma constitucional a la enmienda (2007-2009) = The political discourse in Venezuela of Hugo Chávez : reform of the amendment to the constitution (2007-2009) / |c Juan Eduardo Romero J. ; Yessica Quiñonez ; Carlos Pinto ; Eduvio Ferrer | ||
| 500 | |a juane1208@gmail.com |a yesuheyqui@hotmail.com |a eduvio@gmail.com | ||
| 520 | |a En el presente trabajo, se aborda desde los enfoques de la teoría política y el análisis del discurso, la construcción del discurso político sobre la reforma constitucional propuesta por el presidente de Venezuela, Hugo Chávez en enero de 2007 y que significó la generación de un debate político sobre las implicaciones y el impacto que sobre la sociedad venezolana podría tener. Se identifican los protagonistas y antagonistas políticos movilizados, sus discursos y las tramas expositivas que explican su postura de aceptación o rechazo a la propuesta de reforma. Se concluye estableciendo que el resultado fue el producto de un choque cultural en torno a las percepciones de cambio político de los venezolanos. | ||
| 590 | |a SJB/NOVIEMBRE2012 | ||
| 650 | |a DISCURSOS | ||
| 650 | |a REFORMA CONSTITUCIONAL | ||
| 650 | |a REFORMA DEL ESTADO | ||
| 650 | |a COMPORTAMIENTO POLITICO | ||
| 650 | |a DEMOCRACIA | ||
| 650 | |a COSTITUCIONES | ||
| 650 | |a VENEZUELA | ||
| 700 | |a Quiñonez, Yessica | ||
| 700 | |a Pinto, Carlos | ||
| 700 | |a Ferrer, Eduvio | ||
| 773 | |g número125 (2009), páginas 47-68 : tablas, gráficos | ||
| 999 | |c 21299 |d 21299 | ||
| 773 | 0 | |0 18728 |9 3020 |a Universidad de Costa Rica |d San José, Costa Rica Editorial UCR 1956- |o 12366 |t Revista de Ciencias Sociales/ |x 04825276 | |
